00410nam a2200181 a 4500001000800000005001700008008004100025010001700066020001500083040001800098041000800116080001200124082001600136100000700152101000800159245003200167504002900199289792220180205072455.0870623s1988 maua b 001 0 eng  a 87081817  a0669092231 aDLCcDLCdDLC aeng a658 KIN00a658 KIN2191 a54 aMEN10aManagement /cJerry Kinard. aBibliography: p. A1-A25.